LEADER 01394nam a2200337 a 4500 001 000000148906 003 CaOOAMICUS 005 20160128115718.0 008 160128s2015 it u000 u ita r 020 $a978-88-10-22176-1 032 $aLibriCat 040 $aPUL$bita 082 04$a220 100 1 $aMazzeo, Michele.$0(OLS)http://pul/name/41902 245 13$aLa cura della vita : $bBibbia e bioetica /$cMichele Mazzeo ; prefazione del Card. Elio Sgreccia. 260 $aBologna :$bEDB,$cİ2015. 300 $a411 p. ;$c21 cm. 490 1 $aCollana biblica 504 $aBibliografia in nota. 630 04$aBiblia.$pV.T.$xCritica e interpretazione.$0(OLS)http://pul/subject/3062 650 4$aBioetica e religione.$0(OLS)http://pul/subject/36334 700 1 $aSgreccia, Elio.$0(OLS)http://pul/name/6486 830 0$aCollana biblica (Edizioni Dehoniane).$0(OLS)http://pul/title/43126 850 $aPUL 852 $aPUL$W1$xSL Religione 3$y85$m220 COLL 6.37$j171621$qDDC 21$B173119$CPULBib$Z2$F173119 $H126915 $81 941 1 $a9 996 $6020$a978-88-10-22176-1$9(OLS)http://pul/number/159461 996 $6082$a220$9(OLS)http://pul/classification/523 996 $6245$aLa cura della vita : $bBibbia e bioetica$9(OLS)http://pul/title/187773 996 $6260$aBologna :$bEDB$9(OLS)http://pul/publisher/56073 LEADER 01709nam a2200361 a 4500 001 000000149407 003 CaOOAMICUS 005 20160309122326.0 008 160215s2013 it u000 u ita r 020 $a978-88-215-7910-3* 032 $aLibriCat 040 $aPUL$bita 041 1 $aita$aheb 082 04$a224 130 0 $aBiblia.$pV.T.$pNahum.$0(OLS)http://pul/title/188365 245 10$aNaum, Abacuc, Sofonia /$cintroduzione, traduzione e commento a cura di Donatella Scaiola. 260 $aCinisello Balsamo :$bSan Paolo,$c2013. 300 $a179 p. ;$c22 cm. 490 1 $aNuova versione della Bibbia dai testi antichi ;$v16 546 $aTesto in ebraico con traduzione italiana, introduzione e commento in italiano. 630 04$aBiblia.$pV.T. $pNahum.$lItaliano$xCritica e interpretazione.$0(OLS)http://pul/subject/43028 630 04$aBiblia. $pV.T. $pHabacuc.$lItaliano$xCritica e interpretazione.$0(OLS)http://pul/subject/43027 630 04$aBiblia.$pV.T.$pSophonias.$lItaliano$xCritica e interpretazione.$0(OLS)http://pul/subject/9650 700 1 $aScaiola, Donatella,$d1958-$0(OLS)http://pul/name/48414 830 0$aNuova versione della Bibbia dai testi antichi ;$v16.$0(OLS)http://pul/title/156526 850 $aPUL 852 $aPUL$W1$xSL Religione 3$y85$m224 SCADO 3$j172052$qDDC 21$B173672$CPULBib$Z2$F173672 $H127052 $81 941 1 $a9 996 $6020$a978-88-215-7910-3*$9(OLS)http://pul/number/159691 996 $6082$a224$9(OLS)http://pul/classification/484 996 $6245$aNaum, Abacuc, Sofonia$9(OLS)http://pul/title/188366 996 $6260$aCinisello Balsamo :$bSan Paolo$9(OLS)http://pul/publisher/54577